000 004380000a22001810004500
020 _a0-553-02955-X
041 0 _aENG
082 0 4 _aG 616.891 M4661c
100 1 _aMay, Rollo
245 1 0 _aThe courage to create / Rollo May
260 _aNew York, USA : Bantam
300 _a173 Pag
001 10491
942 _cBK
999 _c40042
_d40042
336 _atexto
_btxt
_2rdacontent
337 _2rdamedia
_asin mediación
_bn
338 _2rdacarrier
_avolumen
_bnc